Общая часть. Особенная часть: досудебное производство (Запись № 13716113)

Подробности
000 -МАРКЕР
контрольное поле 02280nam2a2200289 4500
001 - ИДЕНТИФИКАТОР ЗАПИСИ
контрольное поле RU\NLR\BIBL_A\022818189
005 - ИДЕНТИФИКАТОР ВЕРСИИ
контрольное поле 20260609112817.0
010 ## - МЕЖДУНАРОДНЫЙ СТАНДАРТНЫЙ НОМЕР КНИГИ (ISBN)
Номер (ISBN) 978-5-392-45975-9
Уточнения т. 1
035 ## - ДРУГИЕ СИСТЕМНЫЕ НОМЕРА
Идентификатор записи (NLR Aleph) 022818189
100 ## - ДАННЫЕ ОБЩЕЙ ОБРАБОТКИ
Данные общей обработки 20260527d2026 u y0rusy50 ca
101 0# - ЯЗЫК РЕСУРСА
Язык текста, звукозаписи и т.д. русский
102 ## - СТРАНА ПУБЛИКАЦИИ ИЛИ ПРОИЗВОДСТВА
Страна публикации Российская Федерация
105 ## - ПОЛЕ КОДИРОВАННЫХ ДАННЫХ: ТЕКСТОВЫЕ МАТЕРИАЛЫ, МОНОГРАФИЧЕСКИЕ
Кодированные данные о монографическом текстовом документе y j 000yy
200 1# - ЗАГЛАВИЕ И СВЕДЕНИЯ ОБ ОТВЕТСТВЕННОСТИ
Основное заглавие Общая часть. Особенная часть: досудебное производство
Первые сведения об ответственности Загорский Г. И., доктор юридических наук, профессор, заслуженный юрист РСФСР, заслуженный деятель науки РФ, Гаврилов Б. Я., доктор юридических наук, профессор, заслуженный юрист РФ, заслуженный деятель науки РФ, Победкин А. В., доктор юридических наук, профессор [и др.]
210 ## - ПУБЛИКАЦИЯ, РАСПРОСТРАНЕНИЕ И ДР.
Дата издания, распространения и т.д. 2026
215 ## - ФИЗИЧЕСКАЯ ХАРАКТЕРИСТИКА
Специфическое обозначение материала и объем 592 с.
300 ## - ОБЩИЕ ПРИМЕЧАНИЯ
Текст примечания Авт. указаны на обороте тит. с.
320 ## - ПРИМЕЧАНИЯ О НАЛИЧИИ В ДОКУМЕНТЕ БИБЛИОГРАФИИ / УКАЗАТЕЛЯ
Текст примечания Библиогр. в подстроч. примеч.
461 #0 - УРОВЕНЬ НАБОРА
Встроенное поле 001RU\NLR\BIBL_A\022818183
-- 2001#$aУголовно-процессуальное право (уголовный процесс)$eучебник$eдля обучающихся по специальностям 40.05.01 "Правовое обеспечениенациональной безопасности", 40.03.01, 40.04.01 "Юриспруденция" (бакалавриат, магистратура)$eв 2 т.$fпод общей редакцией доктора юридических наук, профессора, заслуженного юриста РСФСР, заслуженного деятеля науки РФ Г. И. Загорского, доктора юридических наук, доцента С. Л. Никоновича$vТ. 1
701 #1 - ИМЯ ЛИЦА - АЛЬТЕРНАТИВНАЯ ОТВЕТСТВЕННОСТЬ
Начальный элемент ввода Загорский
Часть имени, кроме начального элемента ввода Г. И.
Расширение инициалов личного имени Геннадий Ильич
701 #1 - ИМЯ ЛИЦА - АЛЬТЕРНАТИВНАЯ ОТВЕТСТВЕННОСТЬ
Начальный элемент ввода Гаврилов
Часть имени, кроме начального элемента ввода Б. Я.
Дополнения к именам, кроме дат д-р юрид. наук
Расширение инициалов личного имени Борис Яковлевич
Идентификатор авторитетной/нормативной записи RU\NLR\AUTH\7732015
701 #1 - ИМЯ ЛИЦА - АЛЬТЕРНАТИВНАЯ ОТВЕТСТВЕННОСТЬ
Начальный элемент ввода Победкин
Часть имени, кроме начального элемента ввода А. В.
Расширение инициалов личного имени Александр Викторович
942 ## - ДОПОЛНИТЕЛЬНЫЕ ЭЛЕМЕНТЫ ЗАПИСИ (АБИС)
Тип экземпляра АБИС Книга
980 ## - КОЛЛЕКЦИЯ
Название коллекции Национальная библиография

Нет доступных экземпляров.